000 00487nmm a2200157Ia 4500
008 251105s9999||||xx |||||||||||||||||und||
020 _a9789560102157
041 _aspa
100 _aMirosevic, Vlado
245 0 _aLiberales plebeyos: el relato de un pipiolo del siglo XXI
264 _a[Santiago de Chile, Chile] :
_bRil editores,
_c2015
300 _a244 páginas
650 _aPolitical Science (General)
856 _uhttps://public.digitaliapublishing.com/a/42556
942 _cCF
999 _c93709
_d93709